Loading...
| Fine Arts - Classical Music | 0 | 6 | 2 | 0 | 50 | 22 | 53.17 | 6 | 6 | 0.00 | 0.00 |
| Science - Physics | 0 | 4 | 0 | 0 | 40 | 66 | 83.25 | 1 | 4 | 0.00 | 0.00 |
| History - Other | 0 | 4 | 0 | 1 | 40 | 83 | 103.50 | 1 | 2 | 0.00 | 0.00 |
| Science - Other | 0 | 4 | 0 | 0 | 40 | 48 | 62.50 | 1 | 3 | 0.00 | 0.00 |
| History - World | 0 | 4 | 0 | 1 | 40 | 33 | 92.75 | 1 | 3 | 0.00 | 0.00 |
| History - American | 0 | 4 | 1 | 1 | 35 | 58 | 77.25 | 2 | 3 | 0.00 | 0.00 |
| Religion | 0 | 3 | 0 | 0 | 30 | 77 | 97.67 | 1 | 2 | 0.00 | 0.00 |
| Fine Arts - Other | 0 | 3 | 0 | 0 | 30 | 74 | 98.67 | 2 | 3 | 0.00 | 0.00 |
| History - European | 0 | 3 | 1 | 1 | 25 | 70 | 98.33 | 0 | 2 | 0.00 | 0.00 |
| Philosophy | 0 | 2 | 0 | 0 | 20 | 107 | 116.00 | 0 | 0 | 0.00 | 0.00 |
| Current Events | 0 | 1 | 0 | 0 | 10 | 78 | 78.00 | 0 | 1 | 0.00 | 0.00 |
| Literature - American | 0 | 1 | 0 | 0 | 10 | 93 | 93.00 | 0 | 1 | 0.00 | 0.00 |
| Literature - British | 0 | 1 | 0 | 0 | 10 | 25 | 25.00 | 1 | 1 | 0.00 | 0.00 |
| Mythology | 0 | 1 | 0 | 0 | 10 | 92 | 92.00 | 0 | 0 | 0.00 | 0.00 |
| Other Academic | 0 | 1 | 0 | 0 | 10 | 58 | 58.00 | 0 | 0 | 0.00 | 0.00 |
| Popular Culture | 0 | 1 | 0 | 0 | 10 | 127 | 127.00 | 0 | 0 | 0.00 | 0.00 |
| Science - Biology | 0 | 1 | 0 | 0 | 10 | 73 | 73.00 | 0 | 1 | 0.00 | 0.00 |
| Science - Chemistry | 0 | 2 | 2 | 0 | 10 | 72 | 75.00 | 1 | 1 | 0.00 | 0.00 |
| Social Science | 0 | 1 | 1 | 1 | 5 | 76 | 76.00 | 0 | 1 | 0.00 | 0.00 |